| 000 | 00694cab a2200205 4500 | ||
|---|---|---|---|
| 001 | ABS55520 | ||
| 008 | 090401t1996 xxu||||| |||| 00| 0 eng d | ||
| 035 | _a(Sirsi) u17108 | ||
| 041 | _aeng | ||
| 100 | _aWhitmore, J. | ||
| 245 | _aIPF puts secure case to the Treasury | ||
| 260 | _c1996 | ||
| 350 | _a0 | ||
| 490 |
_aProperty Week _v56(3) 19 July 1996, 15(1) |
||
| 520 | _aDiscusses the strengths of IPD`s formal request to the Treasury for the creation of tax-neutral UK securitised property vehicles. Briefly explains how these vehicles would be started up. | ||
| 650 | _aSECURITISATION | ||
| 690 | _aPROPERTY-PROPERTY FINANCE AND INVESTMENT | ||
| 942 | _n0 | ||
| 948 | _c04/03/1997 | ||
| 999 |
_c11339 _d11339 |
||